[Event "FIDE GP"]
[Site "Moscow RUS"]
[Date "2002.06.01"]
[Round "1.1"]
[White "Vlassov,N"]
[Black "Ponomariov,R"]
[Result "0-1"]
[WhiteElo "2462"]
[BlackElo "2743"]
[EventDate "2002.06.01"]

1. e4 c5 2. c3 e6 3. d4 d5 4. exd5 exd5 5. Nf3 Nc6 6. Be3 cxd4 7. Nxd4 Bd6
8. Be2 Nf6 9. O-O O-O 10. Nd2 Re8 11. Re1 a6 12. Nf1 Ne5 13. Bg5 h6 14. Bh4
Ng6 15. Bg3 Bc5 16. Bf3 Rxe1 17. Qxe1 Qb6 18. Nb3 Bf5 19. Nxc5 Qxc5 20. Qd2
Ne4 21. Bxe4 dxe4 22. Re1 Qc6 23. Qd4 Re8 24. c4 Nf8 25. Ne3 Bg6 26. Nd5
Ne6 27. Qc3 f6 28. Rd1 Nc5 29. Nb4 Qc8 30. Rd6 e3 31. f3 e2 32. h3 Na4 33.
Qd2 e1=Q+ 34. Bxe1 Rxe1+ 35. Kh2 Re8 36. Nd5 Qf5 37. Rd7 Qe5+ 38. f4 Qxb2
39. Ne7+ Kh7 40. Qd5 Nc3 41. Qxb7 Qxb7 42. Rxb7 Be4 43. Ra7 Rb8 44. f5 Rb2
45. Kg3 Rxa2 46. Kf4 Bxg2 47. Ke3 Ne4 48. Nd5 h5 49. Nf4 Nd6 50. Nxh5 Nxf5+
51. Kd3 Ra3+ 52. Kd2 Kh6 53. Nf4 Be4 54. c5 g5 55. Ne6 Rd3+ 56. Ke1 Nd4 57.
Rxa6 Kg6 58. h4 Nxe6 59. Rxe6 0-1

[Event "FIDE GP"]
[Site "Moscow RUS"]
[Date "2002.06.01"]
[Round "1.1"]
[White "Smirin,I"]
[Black "Karjakin,Sergey"]
[Result "1/2-1/2"]
[WhiteElo "2685"]
[BlackElo "2489"]
[EventDate "2002.06.01"]

1. c4 c5 2. Nf3 Nc6 3. g3 g6 4. Bg2 Bg7 5. O-O e5 6. Nc3 d6 7. d3 Nge7 8.
a3 a5 9. Ne1 Be6 10. Nc2 d5 11. cxd5 Nxd5 12. Ne3 Nde7 13. Ne4 b6 14. h4 h6
15. a4 O-O 16. Nc4 Qc7 17. Bd2 Rad8 18. Rc1 f5 19. Nc3 Bxc4 20. dxc4 e4 21.
Nb5 Qe5 22. Rc3 Qe6 23. Rc2 Nb4 24. Rc1 Bxb2 25. Rb1 Bg7 26. Qc1 h5 27. Bf4
Rd7 28. f3 exf3 29. Bxf3 Rfd8 30. Rb3 Kh7 31. Kg2 Qf6 32. Bg5 Qf7 33. e4
Nd3 34. Qc2 f4 35. Rxd3 Rxd3 36. Bxf4 R3d7 37. Rf2 Nc6 38. e5 Nd4 39. Nxd4
Rxd4 40. Bg5 Rf8 41. Be3 Rxc4 42. Qd3 Rb4 43. Bxh5 Qe6 44. Bf3 Rb3 45. Qd2
Qxe5 46. Bf4 Qd4 47. Qe2 Rb2 48. Bd2 Rd8 49. Be4 Rxd2 50. Bxg6+ Kxg6 51.
Qe6+ Kh7 52. Qf5+ Kh8 53. Qh5+ Bh6 54. Qxh6+ Kg8 55. Qe6+ Kg7 56. Qf7+ Kh8
57. Qh5+ Kg8 58. Qf7+ Kh8 1/2-1/2

[Event "FIDE GP"]
[Site "Moscow RUS"]
[Date "2002.06.01"]
[Round "1.2"]
[White "Karjakin,Sergey"]
[Black "Smirin,I"]
[Result "0-1"]
[WhiteElo "2489"]
[BlackElo "2685"]
[EventDate "2002.06.01"]

1. e4 e5 2. Nf3 Nc6 3. Bc4 Bc5 4. c3 Nf6 5. d4 exd4 6. O-O d3 7. b4 Be7 8.
b5 Na5 9. Bxd3 d6 10. Nbd2 O-O 11. Nb3 c6 12. bxc6 Nxc6 13. h3 Ne5 14. Bc2
Qc7 15. Bd2 b6 16. Nfd4 Bb7 17. Re1 Rfe8 18. Nf5 Bf8 19. Bg5 Nfd7 20. Re3
g6 21. Nh6+ Kg7 22. Rg3 f6 23. Bf4 Kh8 24. Nd4 Nc5 25. Qe2 Ba6 26. Qh5 Qg7
27. Qd1 Qd7 28. Ndf5 Bb7 29. Qd4 Rad8 30. Re1 Qe6 31. Qd1 d5 32. Nd4 Qd7
33. exd5 Bxd5 34. Rge3 Bxa2 35. Ng4 Nxg4 36. hxg4 Rxe3 37. Rxe3 Bf7 38. Qe2
Re8 39. g5 Rxe3 40. Qxe3 fxg5 41. Be5+ Bg7 42. Bxg7+ Kxg7 43. Qxg5 Ne6 44.
Qe5+ Kg8 45. Qb8+ Qd8 46. Qxa7 Nxd4 47. cxd4 Qxd4 48. Qa8+ Kg7 49. Qb7 Qa1+
50. Kh2 Qe5+ 51. g3 Qe6 52. Be4 Qd6 53. Kg2 Qc5 54. Bc6 Kf6 55. Qd7 Kg7 56.
Qb7 Qd4 57. Bf3 g5 58. Kg1 Qc5 59. Bc6 Kf6 60. Qd7 Bg6 61. Qd8+ Kg7 62.
Qd7+ Bf7 63. Qb7 Kf6 64. Qd7 h6 65. Qd8+ Kg7 66. Qd7 Qc4 67. Qb7 Qc1+ 68.
Kg2 Qc5 69. Kg1 Kg6 70. Qd7 h5 71. Be4+ Kf6 72. Bc6 Kg7 73. Qb7 h4 74. Kg2
Kf6 75. Qd7 h3+ 76. Kg1 Kg7 77. Bf3 b5 78. Qxh3 b4 79. Be4 b3 80. Qh7+ Kf8
81. Qh8+ Ke7 82. Qb2 Be6 83. Qg7+ Bf7 84. Bg6 Qc4 85. Bxf7 Qxf7 86. Qxg5+
Kd6 87. Qb5 Qd5 88. Qb6+ Kd7 89. Kh2 Qc4 90. Qf6 Qc2 91. Qf7+ Kc6 92. Qe8+
Kc5 93. Qe3+ Kb4 94. Qd4+ Qc4 95. Qd2+ Qc3 96. Qd6+ Kc4 97. Qc6+ Kd3 98.
Qg6+ Kd2 99. Qh6+ Ke2 100. Qe6+ Kxf2 101. Qf5+ Ke2 102. Qe6+ Kd1 103. Qg4+
Kc1 104. Kh3 b2 105. Qf4+ Kc2 106. Qf5+ Qd3 107. Qc5+ Kd1 108. Qg1+ Kc2
109. Qf2+ Qd2 110. Qc5+ Kb3 111. Qb5+ Qb4 112. Qd3+ Ka2 113. Qd5+ Ka1 114.
Qa8+ Kb1 115. Qh1+ Kc2 116. Qg2+ Kb3 117. Qf3+ Ka2 118. Qd5+ Ka3 119. Qd3+
Ka2 120. Qd5+ Ka1 121. Qa8+ Kb1 122. Qh1+ Kc2 123. Qg2+ Qd2 124. Qc6+ Qc3
125. Qe4+ Qd3 126. Qc6+ Kd2 127. Qg2+ Qe2 128. Qd5+ Ke1 129. Qa5+ Kf1 130.
Qf5+ Kg1 131. Kh4 Qd1 132. Qc5+ Kg2 133. Qc6+ Kh2 134. Qc7 b1=Q 135. g4+ Kh1
136. Qc6+ Kg1 137. Qc5+ Kf1 138. Qf8+ Kg2 139. Qa8+ 0-1

[Event "FIDE GP"]
[Site "Moscow RUS"]
[Date "2002.06.01"]
[Round "1.3"]
[White "Beliavsky,A"]
[Black "Rublevsky,S"]
[Result "1-0"]
[WhiteElo "2661"]
[BlackElo "2657"]
[EventDate "2002.06.01"]

1. d4 d5 2. Nf3 e6 3. g3 c5 4. Bg2 cxd4 5. O-O Nf6 6. Nxd4 e5 7. Nf3 Nc6 8.
c4 d4 9. e3 Be7 10. exd4 exd4 11. Bf4 O-O 12. Ne5 Qb6 13. Qb3 Na5 14. Qxb6
axb6 15. Nd2 Nh5 16. Nb3 Nxf4 17. gxf4 Rd8 18. Nxa5 Rxa5 19. Bd5 Kf8 20. a4
f6 21. Nf3 Raxd5 22. cxd5 Rxd5 23. Rfd1 d3 24. Kg2 Bd7 25. b3 Bc6 26. Kf1
Bd6 27. Rac1 b5 28. a5 b4 29. a6 Ra5 30. Nd4 Rxa6 31. Nxc6 bxc6 32. Rxd3
Bxf4 33. Rc4 Bxh2 34. Rxb4 c5 35. Rb7 Bd6 36. Rd7 Be7 37. Re3 Bd6 38. Re6
Ra1+ 39. Kg2 Be5 40. Ree7 Rd1 41. Rxg7 Bd4 42. Rxh7 Kg8 43. Rdg7+ Kf8 44.
Rc7 f5 45. Rc8+ 1-0

[Event "FIDE GP"]
[Site "Moscow RUS"]
[Date "2002.06.01"]
[Round "1.1"]
[White "Bacrot,E"]
[Black "Kasimdzhanov,R"]
[Result "0-1"]
[WhiteElo "2653"]
[BlackElo "2674"]
[EventDate "2002.06.01"]

1. d4 Nf6 2. c4 g6 3. Nc3 Bg7 4. e4 d6 5. Nf3 O-O 6. Be2 e5 7. O-O Nc6 8.
d5 Ne7 9. b4 Nh5 10. Re1 f5 11. Ng5 Nf6 12. Bf3 c6 13. Qb3 Kh8 14. Rd1 fxe4
15. Ncxe4 cxd5 16. cxd5 Nf5 17. Bb2 Nxe4 18. Nxe4 Nh4 19. Be2 Rf4 20. f3
Qb6+ 21. Kh1 Bf5 22. Bd3 Rf8 23. Bc1 Nxg2 24. Kxg2 Rxf3 25. Qc4 Rxd3 26.
Rxd3 Rc8 27. Qxc8+ Bxc8 28. Bd2 Bf5 29. Re1 Qb5 30. Rde3 Qxd5 31. Bc3 Bh6
32. R3e2 Qd3 33. Ba1 Bxe4+ 34. Rxe4 Kg8 35. Bxe5 dxe5 36. Rxe5 Bf8 37. b5
Bd6 38. Re8+ Kf7 39. R8e4 Qxb5 40. h4 Qd5 41. R1e2 b5 42. Kf1 b4 43. R4e3
Qh1+ 44. Kf2 Bc5 0-1

[Event "FIDE GP"]
[Site "Moscow RUS"]
[Date "2002.06.01"]
[Round "1.1"]
[White "Khalifman,A"]
[Black "Ghaem Maghami,E"]
[Result "1-0"]
[WhiteElo "2698"]
[BlackElo "2519"]
[EventDate "2002.06.01"]

1. d4 d6 2. Nf3 Bg4 3. c4 c6 4. Nc3 Nd7 5. e4 e5 6. Be2 Be7 7. d5 Bxf3 8.
Bxf3 c5 9. O-O a6 10. Rb1 Bg5 11. Bxg5 Qxg5 12. b4 Ngf6 13. Na4 cxb4 14.
Rxb4 Rb8 15. Qb1 O-O 16. Rd1 Qf4 17. Qd3 Qg5 18. Rdb1 b6 19. g3 h5 20. h4
Qg6 21. Qe3 Ng4 22. Qg5 Qxg5 23. hxg5 Rb7 24. a3 Rfb8 25. Be2 f6 26. f3 Ne3
27. Bd3 f5 28. exf5 Rf8 29. f6 Rc7 30. Kf2 Nxc4 31. Rxc4 Rxc4 32. Bxc4 b5
33. Bd3 bxa4 34. Rb7 1-0

[Event "FIDE GP"]
[Site "Moscow RUS"]
[Date "2002.06.01"]
[Round "1.1"]
[White "Gurevich,M"]
[Black "Lautier,J"]
[Result "0-1"]
[WhiteElo "2641"]
[BlackElo "2675"]
[EventDate "2002.06.01"]

1. c4 c5 2. g3 g6 3. Bg2 Bg7 4. Nc3 Nc6 5. a3 d6 6. Rb1 a5 7. e3 e5 8. d3
Nge7 9. Nge2 O-O 10. O-O Rb8 11. Bd2 Be6 12. Qb3 f5 13. Nd5 Nxd5 14. cxd5
Bf7 15. Qc2 Ne7 16. e4 b5 17. Be3 Kh8 18. b4 cxb4 19. axb4 a4 20. Qd2 fxe4
21. dxe4 Nc8 22. Bg5 Qd7 23. f4 h6 24. Bh4 Nb6 25. Kh1 Nc4 26. Qc1 exf4 27.
gxf4 Qg4 28. Qe1 Ne3 29. Bf3 Qh3 30. Qf2 Nxf1 31. Rxf1 Qd7 32. Qg2 Rbe8 33.
Bg4 Qa7 34. f5 gxf5 35. exf5 Rg8 36. Bf3 a3 37. Bf2 Qe7 38. Qh3 a2 39. Ng3
Qf6 40. Bh5 Bxd5+ 41. Kg1 a1=Q 0-1

[Event "FIDE GP"]
[Site "Moscow RUS"]
[Date "2002.06.01"]
[Round "1.2"]
[White "Kasimdzhanov,R"]
[Black "Bacrot,E"]
[Result "1-0"]
[WhiteElo "2674"]
[BlackElo "2653"]
[EventDate "2002.06.01"]

1. e4 c5 2. Nf3 Nc6 3. Bb5 e6 4. O-O Nge7 5. c3 a6 6. Be2 d5 7. exd5 Nxd5
8. d4 cxd4 9. Nxd4 Bd7 10. Bf3 Be7 11. Nf5 exf5 12. Bxd5 O-O 13. c4 Qc7 14.
Nc3 Bd6 15. h3 Be5 16. Be3 Ne7 17. Bd4 Bd6 18. Qb3 Rac8 19. Bb6 Qb8 20.
Rad1 Nxd5 21. Nxd5 Be6 22. Qd3 Rc6 23. Be3 f4 24. Bd2 f3 25. Qxf3 Rxc4 26.
Bc3 Be5 27. Qe2 Bh2+ 28. Kh1 Rh4 29. Rfe1 Bg4 30. Qe4 h5 31. Ne7+ Kh8 32.
Nf5 1-0

[Event "FIDE GP"]
[Site "Moscow RUS"]
[Date "2002.06.01"]
[Round "1.2"]
[White "Ghaem Maghami,E"]
[Black "Khalifman,A"]
[Result "1/2-1/2"]
[WhiteElo "2519"]
[BlackElo "2698"]
[EventDate "2002.06.01"]

1. e4 e5 2. Nf3 Nc6 3. Bb5 a6 4. Bxc6 dxc6 5. Nc3 f6 6. d4 exd4 7. Nxd4 c5
8. Nde2 Qxd1+ 9. Nxd1 Be6 10. h4 O-O-O 11. Be3 Bd6 12. Ndc3 Ne7 13. O-O-O
Rhe8 14. Bf4 Bf7 15. h5 Nc6 16. Bxd6 cxd6 17. f3 Ne7 18. Nf4 Kc7 19. g4 b5
20. a3 h6 21. Rd2 Rd7 22. Rhd1 Red8 23. Re1 d5 24. exd5 Nxd5 25. Ncxd5+
Bxd5 26. Nxd5+ Rxd5 27. Re7+ R5d7 28. Rdxd7+ Rxd7 29. Rxd7+ Kxd7 30. Kd2
Ke6 31. Ke3 Ke5 32. f4+ Kd5 33. Kd3 a5 34. b3 a4 35. bxa4 bxa4 36. c3 Kd6
37. Kc4 Kc6 38. f5 Kd6 39. Kb5 Kd5 1/2-1/2

[Event "FIDE GP"]
[Site "Moscow RUS"]
[Date "2002.06.01"]
[Round "1.4"]
[White "Bareev,E"]
[Black "Sasikiran,K"]
[Result "1/2-1/2"]
[WhiteElo "2724"]
[BlackElo "2633"]
[EventDate "2002.06.01"]

1. Nf3 Nf6 2. c4 c5 3. Nc3 b6 4. g3 Bb7 5. Bg2 e6 6. O-O Be7 7. b3 O-O 8.
Bb2 d6 9. e3 a6 10. Qe2 Nbd7 11. Rfd1 Re8 12. a3 Qc7 13. Rac1 Rad8 14. d3
d5 15. d4 Bf8 16. cxd5 exd5 17. dxc5 bxc5 18. Na4 d4 19. Bxd4 Qa5 20. Bc3
Qb5 21. Qxb5 axb5 22. Nb2 b4 23. axb4 cxb4 24. Bxf6 Nxf6 25. Nd4 Bxg2 26.
Kxg2 Ne4 27. Nd3 Ra8 28. Nc6 Ra2 29. Ra1 Rea8 30. Rxa2 Rxa2 31. Ncxb4 Bxb4
32. Nxb4 Rxf2+ 33. Kg1 f5 34. Rf1 Rb2 35. Rxf5 g6 36. Rf1 Ng5 37. Nd5 Rxb3
38. h4 Ne4 39. Nf6+ Nxf6 40. Rxf6 Rxe3 41. Kg2 1/2-1/2